|
|
|
|
| LEADER |
00000nam a2200000 a 4500 |
| 001 |
vtls009353007 |
| 003 |
SK-MaSNL |
| 005 |
20260301081836.0 |
| 008 |
240314 000 0 eng |
| 040 |
|
|
|a SNK
|b slo
|c SNK
|e AACR2
|
| 100 |
1 |
|
|a Bauer, Oto
|4 aut
|9 405786
|
| 245 |
1 |
4 |
|a Die Nationalitätenfrage und die Sozialdemokratie
|c Oto Bauer
|
| 260 |
|
|
|a Wien
|b Verlag der Wiener Volksruchhandlung Ignaz Brand
|c 1907
|e Wien
|f Vorwärts
|
| 300 |
|
|
|a 500 s.
|
| 999 |
|
|
|c 656997
|d 658927
|
| 952 |
|
|
|a SNK
|b SNK
|y VYP
|7 0
|p 17A0603512
|o snkID 59928
|i snkK 1545/73
|8 3
|3 rekatalogizácia
|0 0
|1 0
|4 0
|d 2008-10-24
|l 0
|r 2026-02-23 18:41:29
|w 2026-02-23
|